Skylanders Trap Team : Méchants - Statistiques

Statistiques générales
  • Ce quiz a été pris 31 fois
  • Le résultat moyen est 18 sur 46
Statistiques - réponses
Réponse Réponse % Correct
Piège de la terre Golden Queen
85%
Piège de Kaos Kaos
85%
Gulper
77%
Chompy
73%
Wolfgang
73%
Piège du feu Chef Pepper Jack
65%
Chompy Mage
65%
Chill Bill
58%
Broccoli Guy
50%
Dreamcatcher
50%
Piège de la vie Sheep Creep
50%
Bad Juju
42%
Dr. Krankcase
42%
Piège de la magie Bomb Shell
38%
Piège de l'air Buzzer Beak
38%
Pain-Yatta
38%
Tae Kwon Crow
38%
Tussle Sprout
38%
Blaster-Tron
35%
Bone Chompy
35%
Brawl & Chain
35%
Chomp Chest
35%
Hood Sickle
35%
Luminous
35%
Piège des morts-vivants Masker Mind
35%
Piège de l'eau Slobber Trap
35%
Brawlrus
31%
Cross Crow
31%
Cuckoo Clocker
31%
Piège de la lumière Eye Five
31%
Piège des ténèbres Eye Scream
31%
Fisticuffs
31%
Krankenstein
31%
Rage Mage
31%
Grave Clobber
27%
Lob Goblin
27%
Mab Lobs
27%
Nightshade
27%
Smoke Scream
27%
Piège tech Bruiser Cruiser
23%
Grinnade
23%
Scrap Shooter
23%
Shield Shredder
23%
Shrednaught
23%
Threatpack
19%
Trolling Thunder
19%
Aucun quiz correspondant
Distribution des résultats
% des personnes avec chaque résultat
Percentile par nombre de réponses
Votre historique - résultats
Vous n’avez pas pris ce quiz